[Event "RUS-Cup final"]
[Site "Samara"]
[Date "1998.08.29"]
[Round "1"]
[White "Landa, Konstantin"]
[Black "Morozevich, Alexander"]
[Result "0-1"]
[WhiteElo "2520"]
[BlackElo "2625"]
[Annotator "Finkel,A"]
[PlyCount "76"]
[EventDate "1998.08.??"]
[EventType "tourn"]
[EventRounds "11"]
[EventCountry "RUS"]
[SourceTitle "CBM 067"]
[Source "ChessBase"]
[SourceDate "1998.11.30"]
[SourceVersion "2"]
[SourceVersionDate "1998.11.01"]
[SourceQuality "1"]

1. e4 e6 2. d4 d5 3. Nc3 Nf6 4. Bg5 Bb4 5. e5 h6 6. exf6 hxg5 7. fxg7 Rg8 8. h4
Nc6 $1 {A new approuch in well known position.Although theoretical 8...g:h4
also gives black very good counterchanses the move in the game simply promises
black a chanse to get a clear advantage at the early stage of the game.} (8...
gxh4 9. Qh5 $5 (9. Qg4 Be7 10. g3 c5 11. O-O-O Nc6 12. dxc5 Qa5 13. Kb1 e5 $36
{Grigoriev,N-Alekhine,A/Moscow 1915 (25)}) (9. Nf3 Nc6 10. Rxh4 Qf6 11. Qd2 Bd7
12. O-O-O O-O-O 13. Kb1 Qxg7 $13 {Hodgson,J-Garbarino,R/Benidorm op 1991 (38)})
9... Rxg7 10. Nf3 Nd7 11. Rxh4 Nf6 12. Qh6 Bf8 $13 {Tartakower,S-Vidmar,M/Wien
1907 (22)}) 9. h5 $6 {It sounds very strange,but after this logical move white
is in serious troubles!It was nessasary to play} (9. Nf3 $1 gxh4 (9... g4 $6
10. Ne5 Nxe5 11. dxe5 f5 $5 (11... Bxc3+ 12. bxc3 Rxg7 13. Bd3 Bd7 14. Qd2 c5
15. Qh6 $36) 12. Qd3 Bd7 13. O-O-O Qe7 14. Ne2 Qxg7 15. Qe3 $14) 10. Rxh4 Qf6
11. Qd3 Bd7 12. O-O-O O-O-O {with complicated position where black's chanses
should be prefered.}) 9... Rxg7 $15 10. h6 (10. Qd3 Qf6 11. h6 Rg8 12. h7 Rh8
13. O-O-O Bd7 14. Nf3 g4 $15) 10... Rh7 11. Bd3 Rh8 12. Qh5 Qf6 ({Deserved
attention} 12... Nxd4 $5 13. O-O-O (13. Nh3 Qf6 14. Nxg5 Nf5 {look 12...Qf6})
13... Qf6 14. Nb5 Nxb5 15. Bxb5+ c6 16. Bd3 Bd7 17. Nf3 Be7 $17) 13. Nf3 Nxd4
14. Nxg5 Nf5 15. h7 $2 {Another mistake and this time with severe cosequences.
Better was} (15. Bxf5 Qxf5 16. O-O-O Bd7 17. Nf3 Qxh5 18. Rxh5 f6 19. Ne2 $15 {
with defendable position.}) 15... Bxc3+ 16. bxc3 Qxc3+ $17 17. Ke2 Qe5+ 18. Kd2
Qf4+ 19. Ke2 Nd6 {Now black is a pawn up,white passed pawn on h7 is blocked,
his pieces lack coordination-in other words white's position is nearly
hopeless.} 20. Rae1 (20. Rh3 e5 21. Rh4 Qf6 22. Re1 Bd7 $17 {[%cal Ge8c8,Ga8d8]
}) 20... Bd7 21. Kf1 O-O-O 22. Qh6 $5 {Trying to prevent e5.} Bb5 (22... e5 $6
23. g3 (23. Rh4 $6 Qd2 24. Rxe5 f6 $1 25. Qxf6 Rdf8 $19 {[%cal Gf8f2]}) 23...
Qa4 24. Rxe5 Qxa2 25. Qf6 $44) 23. Bxb5 Nxb5 24. Rh4 Qf5 25. Qg7 (25. Rh5 $5)
25... Nd6 26. g3 (26. Re5 Qxc2 27. Nxf7 Nf5 $1 (27... Ne4 $2 28. Rexe4 dxe4 29.
Kg1 Rdf8 30. Qxh8 Rxh8 31. Nxh8 {[%cal Gh7h8]}) 28. Qf6 Nxh4 29. Nxh8 Qd3+ $1
30. Kg1 Qb1+ 31. Kh2 Qxh7 $19) 26... Rde8 27. c3 (27. Re5 Qxc2 28. Nxf7) 27...
Qd3+ 28. Kg1 Qd2 29. Re5 Qxc3 30. Rf4 Qc2 31. Kg2 b5 32. a3 a5 33. Rf6 b4 34.
axb4 axb4 35. Rexe6 fxe6 36. Rxe6 Rxh7 37. Rxe8+ Nxe8 38. Qe5 Nd6 0-1

[Event "Oxford GM-A"]
[Site "Oxford"]
[Date "1998.12.16"]
[Round "3"]
[White "Hector, Jonny"]
[Black "Pedersen, Steffen"]
[Result "1-0"]
[WhiteElo "2510"]
[BlackElo "2415"]
[Annotator "Finkel,A"]
[PlyCount "61"]
[EventDate "1998.12.14"]
[EventType "tourn"]
[EventRounds "9"]
[EventCountry "ENG"]
[EventCategory "11"]
[SourceTitle "CBM 069"]
[Source "ChessBase"]
[SourceDate "1999.04.01"]
[SourceVersion "1"]
[SourceVersionDate "1999.04.01"]
[SourceQuality "1"]

1. e4 e6 2. d4 d5 3. Nc3 Nf6 4. Bg5 Bb4 5. e5 h6 6. Bc1 $5 {Interesting
continuation prooved in the game to be highly efficient.} Ne4 7. Qg4 g6 8. Nge2
c5 9. a3 Bxc3+ {I think that more accurate is 9...Ba5,but move in the game
also has the wright to exist.} (9... Ba5 10. b4 Nxc3 11. Nxc3 cxb4 $6 (11...
cxd4 12. Nb5 Bc7 13. f4 Nc6 14. Bd3 (14. Bb2 Bd7 15. Bd3 Bb8 16. Nxd4 Qb6 17.
Nb3 a6 18. Qe2 Ba7 $13 {Sheremetieva,M-Charkova,E/ROM-chT 1993 (42)}) 14... a6
15. Nxc7+ Qxc7 16. O-O Bd7 17. Bd2 Ne7 18. Qe2 Qb6 19. a4 $44 {1/2-1/2 Forster,
R-Quinn,M/WchJM-U18 1993}) 12. Nb5 b3+ 13. Bd2 Bxd2+ 14. Kxd2 Qa5+ 15. c3 Nc6
16. Qf4 Kf8 17. Bd3 $16 {Foerster,R-Eggenberger,U/Bad Ragaz op 1992 (22)}) (
9... cxd4 10. axb4 dxc3 11. f3 $5 cxb2 12. Bxb2 Qg5 13. Qxg5 Nxg5 14. h4 Nh7
15. Nd4 O-O 16. Bd3 $36 {Klavins,J-Shagalovich,A/URS-chT 1962 (37)}) 10. bxc3
$5 ({Nothing special promises} 10. Nxc3 Nxc3 11. bxc3 Qa5 (11... Nc6 12. Bd3
Qa5 13. Bd2 Qa4 14. O-O c4 15. Be2 Qxc2 16. Qf4 Qf5 17. Qe3 $14 {Bogdanovic,
R-Meier,V/Bad Woerishofen 1988}) 12. Bd2 Qa4 13. c4 Nc6 14. dxc5 Qxc2 15. Qf4
d4 16. Be2 Qf5 $13 {and black has got sufficient counterchanses; Zolnierowicz,
K-Vaisser,A/Nimes op 1991 (48)}) 10... cxd4 ({Black can not play typical} 10...
Qa5 $2 {because of} 11. f3 $1 Nxc3 12. Bd2 cxd4 13. Nxd4 $1 (13. Qxd4 Nxe2 14.
Bxe2 Nc6 15. Qf4 Qc7 16. Bb5 Bd7 $13) 13... Qc7 14. Qf4 Nd7 15. a4 $1 $16 {
[%csl Rc3][%cal Gf4e3] and the knight is trapped.}) 11. cxd4 Qc7 12. f3 Nc3 13.
Bd2 Nxe2 14. Bxe2 Bd7 (14... Qxc2 $4 15. Rc1 $18) 15. Bd3 $14 {The opening is
over and white can be pleased with what he's got:pressure over the semy-open
b-file,bishop's pair,unsafe position of black king-all these make his chanses
preferable in the forthcoming struggle.} Nc6 16. Rb1 O-O-O 17. Qf4 g5 18. Qe3
f6 $6 {Dubious decision,which comes in contrudiction with very simple rule in
chess:the opening of the position is in favour of the side,who has the
bishops!And funny thing is that white darksquared bishop,which has no opponent,
plays very important part in the attack against black king just over the
diagonal h2-b8 opened by 18...f6.} (18... Na5 $5 19. Bb4 Nc4 20. Qe2 Bb5 21.
O-O Ba6 22. f4 $14 {[%csl Rf7]}) 19. exf6 Rdf8 20. O-O Rxf6 21. c4 $1 $16 {
This logical move is very strong,because now white's attack gradually becomes
unstopable.} Rg8 (21... dxc4 $6 22. Bxc4 Na5 23. Bxa5 Qxa5 24. Rfc1 Kb8 25. Bb5
$1 $18) 22. Rfc1 Be8 23. Be1 $1 {[%csl Rc8][%cal Ge1g3,Gc4d5] Transferring the
bishop to much more active position.} Bg6 24. Bg3 Qf7 25. Be5 Bxd3 26. Qxd3
Rfg6 27. cxd5 exd5 28. Qb5 $18 Rd8 (28... g4 29. f4 g3 30. h3 $18) 29. Qa4 a6
30. Rb6 Qd7 (30... Qe6 31. Rcb1 Rd7 32. Rxa6 $1 bxa6 33. Qxc6+ $1) 31. Qxa6 $1
1-0

[Event "Julian Borowski-A 2nd"]
[Site "Essen"]
[Date "2000.04.28"]
[Round "2"]
[White "Sutovsky, Emil"]
[Black "Glek, Igor Vladimirovich"]
[Result "1/2-1/2"]
[WhiteElo "2597"]
[BlackElo "2554"]
[Annotator "Finkel,A"]
[PlyCount "64"]
[EventDate "2000.04.27"]
[EventType "tourn"]
[EventRounds "9"]
[EventCountry "GER"]
[EventCategory "15"]
[SourceTitle "CBM 077"]
[Source "ChessBase"]
[SourceDate "2000.07.27"]
[SourceVersion "1"]
[SourceVersionDate "2000.07.27"]
[SourceQuality "1"]

1. e4 e6 2. d4 d5 3. Nc3 Nf6 4. Bg5 Bb4 5. e5 h6 6. Bd2 Bxc3 7. bxc3 Ne4 8. Qg4
g6 9. Bd3 Nxd2 10. Kxd2 c5 11. h4 Nc6 12. Qf4 cxd4 $5 {Glek is famous expert
in french defense and also in this game he comes up with quiet unexpected,
seeming dubious,but pretty efficient plan!} (12... Qa5 13. h5 (13. Nf3 cxd4 14.
Nxd4 Nxd4 15. Qxd4 Bd7 16. Rhb1 Qc7 17. Rb3 $36 {Sariego,W-Hergott,D/
Capablanca mem-B 1996}) 13... gxh5 14. Nf3 b6 15. Rxh5 Ba6 16. Bxa6 Qxa6 17.
Rxh6 Rxh6 18. Qxh6 O-O-O $44 {Kovalev,A-Glek,I/BL9394}) 13. cxd4 Qa5+ (13...
Bd7 14. Nf3 (14. c3 Qe7 15. Qf6 O-O-O 16. Qxe7 Nxe7 17. h5 g5 18. Nf3 g4 $132 {
Polgar,S-Dreev,A/New York op 1989}) 14... Qe7 15. h5 g5 16. Qf6 O-O-O 17. Qxe7
Nxe7 18. Nh2 Nc6 19. c3 f5 $5 $13 {Fiedler,B-Hergott,D/North Bay op 1996}) 14.
c3 $5 (14. Ke3 b6 15. Qf6 Rg8 16. Ne2 Ba6 17. h5 gxh5 18. Rxh5 Nb4 $1 $13 {
Ostergaard,D-Brynell,S/Sollentuna op 1995}) 14... b5 $1 {[%cal Gb5b4]
Immedeatly starting an actions against white king.} 15. Qf6 (15. Ne2 b4 16.
Rhb1 bxc3+ 17. Nxc3 Ba6 18. Bxa6 Qxa6 19. Nb5 O-O $1 $132) (15. Nf3 b4 16. Rhc1
Rb8 17. Qf6 Rf8 18. cxb4 Rxb4 $13) 15... Rf8 16. Ne2 b4 17. Rhc1 Ba6 18. Bxa6
Qxa6 19. cxb4 $6 {After this move black manages to create counterplay on the
queenside so deserved attention} (19. h5 $5 bxc3+ (19... gxh5 20. Qxh6 Qa3 $5
21. Ke1) 20. Rxc3 gxh5 21. Rac1 $36) 19... Nxb4 20. Qf3 (20. Rc7 $2 Nc6 {
[%csl Rc7]} 21. Rc1 Qa5+ $19 {[%cal Ga5c7,Ga5d2]}) (20. Rc3 Rc8 21. Rac1 Qxa2+
22. Ke3 Rc4 $13) 20... Nc6 {[%cal Gc6a5,Ga5c4]} 21. Rc5 Na5 22. Rac1 Rb8 (22...
Nc4+ $4 {[%cal Gc5c4]} 23. R5xc4 dxc4 24. Qxa8+ $18) 23. Ke1 Nc4 24. Nf4 Qa4 {
[%cal Ga4b4]} 25. Nd3 $5 g5 $5 26. Qf6 $5 {Starting with this move very
beutiful combination,whch proves out sufficient only for a draw.} (26. Qe2)
26... Qxa2 27. Kf1 Nd2+ (27... Qd2 $2 28. Rc7 Qxd3+ 29. Kg1 Qa3 $8 30. Kh2 $1
Rd8 31. Ra1 $1 $18) 28. Kg1 Ne4 29. Rc7 $1 (29. Rc8+ Rxc8 30. Rxc8+ Kd7 31.
Rc7+ Kxc7 32. Qe7+ Kb6 33. Qb4+ Ka6 $19) 29... Nxf6 30. exf6 Qd2 (30... Qa3 31.
Ne5 Rd8 (31... Kd8 $2 32. Rd7+ Ke8 33. Rcc7 $36) 32. Rb1 $1 $44 {[%cal Gb1b7]})
31. Re7+ Kd8 32. Rcc7 Qxd3 1/2-1/2

[Event "EU-ch 1st"]
[Site "Saint Vincent"]
[Date "2000.07.07"]
[Round "5"]
[White "Gdanski, Jacek"]
[Black "Dittmar, Peter"]
[Result "1-0"]
[WhiteElo "2557"]
[BlackElo "2364"]
[Annotator "Finkel,A"]
[PlyCount "73"]
[EventDate "2000.07.03"]
[EventType "swiss"]
[EventRounds "11"]
[EventCountry "ITA"]
[SourceTitle "CBM 078"]
[Source "ChessBase"]
[SourceDate "2000.10.18"]
[SourceVersion "1"]
[SourceVersionDate "2000.10.18"]
[SourceQuality "1"]

1. e4 e6 2. d4 d5 3. Nc3 Nf6 4. Bg5 Bb4 5. e5 h6 6. Bd2 Bxc3 7. bxc3 Ne4 8. Qg4
Kf8 9. Bd3 Nxd2 10. Kxd2 Qg5+ $6 11. Qxg5 hxg5 12. g4 $5 {This idea deserves
some attention,but I still think that other moves that white may use in this
position are definitly not worse.} (12. h4 Nc6 $6 13. f4 gxf4 14. Rf1 Bd7 15.
Rxf4 Ke7 16. Rh3 Rag8 17. Rg3 $14 {Lutz,K-Meyer,S/Hofheim MVT 1995}) (12. Rf1
f5 13. h3 g4 14. Ne2 gxh3 15. Nf4 Rh6 16. Nxh3 Nc6 17. Nf4 $14 {Gallagher,
J-Sauvin,J/Geneve op 1994}) (12. Nh3 f6 13. f4 g4 14. Nf2 f5 15. g3 Nc6 16. h3
gxh3 17. Nxh3 Bd7 18. Rag1 $14 {McDonald,N-Maduekwe,C/London4 1994}) (12. f4
gxf4 13. h4 c5 14. Rf1 Nc6 15. Rxf4 $14 {Molnar,B-Midoux,S/Budapest FS05 IM
1996}) 12... f6 13. h4 $1 (13. Nf3 Rh3 14. Ke3 c5 15. Bf1 Rh8 16. h4 c4 17. Be2
gxh4 18. Nxh4 $14 {Madl,I-Gervais,C/Erevan olw 1996}) 13... fxe5 (13... Rxh4
14. Rxh4 gxh4 15. f4 $5 (15. exf6 gxf6 16. Nf3 h3 (16... e5 17. dxe5 Bxg4 18.
Nxh4 Kf7 19. Rg1 Be6 $11) 17. g5 $1 (17. Rh1 $6 e5 $1 18. Rxh3 $6 Bxg4 19. Rg3
Bxf3 20. Rxf3 e4 21. Rxf6+ Ke7 $19) 17... Nd7 18. gxf6 Nxf6 19. Ne5 $1 $14 {
[%cal Ga1h1,Gh1h3]}) 15... Nd7 16. Nf3 b6 17. Rh1 $14) 14. dxe5 Nc6 15. Nf3
gxh4 16. Rae1 $1 {[%csl Ge5]} h3 17. Rh2 Bd7 18. Reh1 Ke7 19. Rxh3 Rxh3 (19...
Rhf8 20. Ke3 $16 {[%cal Gh3h7]}) 20. Rxh3 $14 {There is no doubt that white
stands better,but the big question is wether he capable to make a progress or
not,because white pawn on e5 needs protection.} Rg8 (20... Rf8 $1 21. Ke3 (21.
Bb5 $5 Rxf3 $1 22. Rxf3 Nxe5 23. Re3 Nxg4 24. Rg3 Bxb5 25. Rxg4 Kf6 $11) 21...
Be8 (21... g5 $6 {[%csl Rg5]} 22. Rh7+ Kd8 23. Nxg5 Nxe5 24. Be2 Ng6 25. Nf7+
Ke8 26. Bd3 $16) 22. Rh7 Rg8 $5 {[%csl Re5]} 23. c4 d4+ 24. Ke2 $14) 21. Ke3
Na5 $6 {Permitting white to transfer f4,which is much more dangerous for black
than c4.} (21... Be8 $1 22. c4 $14) 22. Rh7 c5 23. Nh4 $14 {[%cal Gf2f5]} c4
24. Bg6 Nc6 25. f4 Kf8 26. Bh5 $1 Be8 $6 {Without the bishops white easily
wins the endgame combining the threats to advance his own pawns and to win
black ones.} (26... b5 $6 27. Ng6+ Ke8 (27... Kf7) 28. f5 $1 {[%cal Gf5f6]}
exf5 29. gxf5 Bxf5 30. Nh4+ g6 31. Nxf5 gxh5 32. e6 $1 $18 {[%csl Re8]}) (26...
Ke7 27. Ng6+ Kd8 28. Nh8 Kc7 $14) 27. Bxe8 Kxe8 28. Nf3 Kf7 29. f5 $16 {
[%csl Rg7][%cal Ge3f4,Gf3g5]} exf5 30. gxf5 Re8 31. Kf4 Kg8 32. Rh5 b5 33. Rg5
$1 $18 {[%cal Gg5g6,Gg6d6]} Kh7 (33... Kf7 34. e6+ Kf8 35. Ne5 Nxe5 36. Kxe5
$18) 34. Rg6 Ne7 35. Rd6 Rf8 36. Nd4 Kg8 37. Kg5 1-0

[Event "Hoogovens-B"]
[Site "Wijk aan Zee"]
[Date "1999.01.25"]
[Round "6"]
[White "De Vreugt, Dennis"]
[Black "Glek, Igor Vladimirovich"]
[Result "1-0"]
[WhiteElo "2378"]
[BlackElo "2566"]
[Annotator "Finkel,A"]
[PlyCount "61"]
[EventDate "1999.01.19"]
[EventType "tourn"]
[EventRounds "11"]
[EventCountry "NED"]
[EventCategory "11"]
[SourceTitle "CBM 069"]
[Source "ChessBase"]
[SourceDate "1999.04.01"]
[SourceVersion "1"]
[SourceVersionDate "1999.04.01"]
[SourceQuality "1"]

1. e4 e6 2. d4 d5 3. Nc3 Nf6 4. Bg5 Bb4 5. e5 h6 6. Bd2 Bxc3 7. bxc3 Ne4 8. Qg4
g6 9. Bc1 $5 {Sharp continuation demanding from black very accurate play.} c5
10. Bd3 cxd4 (10... Nxc3 11. dxc5 Qa5 12. Bd2 Qa4 13. Qf3 $5 (13. h3 $5 Ne4 (
13... Qxg4 $6 14. hxg4 Ne4 15. Bxe4 dxe4 16. Ne2 Nd7 17. Ng3 Nxc5 18. g5 h5 19.
Bb4 Na6 20. Bd6 $14 {Gligoric,S-Pachman,L/Amsterdam izt 1964 (42)}) 14. Ne2
Nxc5 15. Qf3 Qh4 16. O-O Nc6 17. g3 Qe7 18. Qe3 Bd7 19. Rab1 $44 {Tal,
M-Vooremaa,A/Tallinn 1981 (28)}) 13... Ne4 14. Bxe4 Qxe4+ 15. Qxe4 dxe4 16. Ne2
Bd7 17. Rb1 Bc6 18. Nd4 $14 {Michel,P-Letelier Martner,R/Mar del Plata 1949 
(36)}) 11. Ne2 dxc3 $6 (11... Qa5 12. O-O dxc3 13. Bxe4 (13. h4 $5 Nc6 14. h5
Nxe5 15. Qf4 Nxd3 16. cxd3 g5 17. Qf3 Nd6 18. Qf6 Rh7 19. Nxc3 $44 {Toran
Albero,R-Linskens,R/San Rafael 1951 (34)}) 13... dxe4 14. Ng3 Nc6 15. Nxe4 Nxe5
16. Qg3 $16 {Boleslavsky,I-Lisitsin,G/URS-ch13 1944 (32)}) 12. Bxe4 (12. O-O h5
13. Qh3 Nc5 14. Nxc3 Nxd3 15. cxd3 Bd7 16. Rb1 Bc6 17. Ba3 $36 {Sulik,
F-Stahlberg,G/Mar del Plata 1941 (66)}) 12... dxe4 13. Nxc3 Qd4 $6 {Black
chooses extremly dangerous way to face white's initiative:he wants to hold the
pawn on e4 and then to develop the rest of the pieces.Taking into
consideration the fact that white has an advantage in the development and dark
squares in black's camp are seriously weakened this doesn't seem to be very
good idea.} (13... Nc6 $5) 14. Bb2 Bd7 {Keeping to carry out the plan.} (14...
Nc6 $6 15. O-O (15. Qf4 $5 Bd7 (15... e3 $6 16. fxe3 Qxf4 17. exf4 O-O 18.
O-O-O $14) 16. O-O O-O 17. Rfd1 Qb4 18. Rab1 $16) 15... e3 $5 16. Qe2 (16. Qxd4
Nxd4 17. Rfd1 Nxc2 18. Rac1 exf2+ 19. Kxf2 Nb4 20. Ba3 a5 21. Ne4 O-O 22. Rc7
$44) 16... exf2+ 17. Rxf2 O-O 18. Re1 $36) (14... Qxe5 $4 15. Nd1 $1 {[%csl
Re5,Rh8][%cal Gb2h8]} Qa5+ 16. Bc3 $18) 15. Rb1 Bc6 16. O-O Qc4 17. Qg3 $1 {
[%cal Gb2a3,Gb1b4] Defending the knight and permitting to the bishop to join
the party!} Nd7 18. Ba3 Nc5 (18... O-O-O 19. Be7 Rde8 20. Rb4 Qa6 21. Bd6 $40 {
[%cal Ga2a4,Gc3b5]}) 19. Nd1 Na4 ({The pawn is poisoned:} 19... Qxa2 $2 20. Nb2
$1 Bb5 (20... Na6 21. c4 $1 $18 {[%cal Gb1a1]}) 21. Rfd1 $1 {[%csl Ra2]} Rd8 $8
22. Bxc5 Rxd1+ 23. Rxd1 Qxb2 24. Qh4 g5 25. Qxe4 Ba6 (25... Bc6 26. Qd3 Bd5 27.
c4 $18) 26. Qa4+ $1 Qb5 27. Qd4 $18) 20. Qf4 $1 $16 {[%csl Re8,Rf7][%cal Gf4f6]
Threating to win immideatly by 22.Qf6.} O-O-O $8 {Unfortunatly there is no
other way to defend.} 21. Ne3 Qa6 (21... Qxa2 $4 22. Ra1 $18) 22. Qxf7 Rhe8 23.
Bd6 $1 Bd7 24. Rb4 $18 {Inspite of material balance black's position is
absolutely hopeless:he is helpless against numerous threats and none of his
pieces can move!} b5 (24... Nb6 25. c4 $1 $18 {[%cal Gf1b1,Gc4c5]}) 25. Rfb1
Nc3 $2 {Giving white the possibility to finish the game with nice tactical
blow.} 26. Rc4+ $1 Kb7 (26... bxc4 27. Rb8#) 27. Rxc3 Ka8 28. Rc7 Bc6 29. a4 b4
30. Bc5 Bb7 31. Rxb4 {Very nice piece of play from De Vreugt!} 1-0

[Event "Chebanenco Memorial 1st"]
[Site "Kishinev"]
[Date "1998.02.17"]
[Round "9"]
[White "Lanka, Zigurds"]
[Black "Morozevich, Alexander"]
[Result "0-1"]
[WhiteElo "2525"]
[BlackElo "2590"]
[Annotator "Finkel,A"]
[PlyCount "100"]
[EventDate "1998.02.09"]
[EventType "tourn"]
[EventRounds "9"]
[EventCountry "MDA"]
[EventCategory "12"]
[SourceTitle "CBM 064"]
[Source "ChessBase"]
[SourceDate "1998.06.02"]
[SourceVersion "1"]
[SourceVersionDate "1998.06.02"]
[SourceQuality "1"]

1. e4 e6 2. d4 d5 3. Nc3 Nf6 4. Bg5 Bb4 5. e5 h6 6. Be3 Ne4 7. Qg4 Kf8 (7... g6
$5 8. a3 Bxc3+ 9. bxc3 c5 (9... Nxc3 $5 10. Bd3 Nc6 11. h4 Ne7 12. f3 c5 13.
dxc5 Nc6 14. Bd2 d4 $15 {Hernandez,G-Glek,I/Linares op 1996 (50)}) 10. Bd3 cxd4
$6 (10... Nxc3 11. dxc5 Nc6 12. Nf3 Qa5 13. O-O Qa4 14. Qxa4 (14. Qh3 $5 $36)
14... Nxa4 15. Bb5 Nc3 16. a4 Bd7 $11 {Hracek,Z-Vaisser,A/EuT-ch, Pula CRO
1997 (41)}) 11. cxd4 Qa5+ 12. Ke2 Bd7 13. f3 Nc3+ 14. Kf2 Nc6 15. Qf4 $14 {
Coleman,D-Lautier,J/London Lloyds 1988 (35)}) 8. a3 Bxc3+ 9. bxc3 c5 10. Bd3
Nxc3 (10... Qa5 $5 11. Ne2 Nc6 12. Bxe4 cxd4 13. Bd2 dxe4 14. cxd4 Qd5 15. O-O
b6 $5 (15... Nxd4 $6 16. Nxd4 Qxd4 17. Rad1 Qxe5 18. Bc3 Qxc3 19. Rd8+ Ke7 20.
Rxh8 Qe5 21. Qh4+ f6 22. Rd1 $16 {Kurajica,B-Bednarski,J/Wijk aan Zee II 1973 
(29)}) 16. Rfd1 Kg8 17. c4 Qxc4 18. Rac1 Qb3 19. Ng3 Ne7 20. Nxe4 $36 {
Hernandez,G-Hergott,D/Linares NL 1992 (47)}) (10... h5 $5 11. Qf3 $6 (11. Qf4)
11... Nxc3 12. Nh3 Nc6 13. Nf4 Kg8 $15 {Van Mil,J-Murey,Y/Arnhem/Amsterdam
1983 (16)}) 11. dxc5 Nc6 (11... Qa5 $5 12. Bd2 Nc6 13. Ne2 Qa4 14. Qh5 Nxe2 15.
Qxe2 Qd4 $1 16. O-O Qxe5 17. Qf3 $44 {Maxion,D-Busse,K/Dortmund op 1990 (36)})
12. Nf3 f5 (12... Qa5 $6 13. O-O Na4 $6 14. Bd2 $16 {Mokry,K-Chinchilla,E/
Dubai olm 1986 (18)}) 13. exf6 Qxf6 14. Qh5 e5 15. Bg6 Be6 $5 {Transfering the
bishop to f7,where it takes active part in defense.} (15... Bd7 $6 16. O-O Kg8
17. Rfe1 Rf8 18. Bd2 Ne4 19. Rad1 $36 {Klovan,Y-Sherieshevsky,M/USSR 1977 (41)}
) 16. O-O Bf7 17. Nh4 Re8 18. Rae1 Kg8 (18... Re6 $5) 19. f3 Re6 20. Bxf7+ Qxf7
21. Qg4 Rf6 $5 $15 {Taking under controle square c4!It was worse to play} (
21... Kh7 $6 22. Bd2 Nb5 (22... d4 $2 23. Bxc3 dxc3 24. Qe4+ $1 g6 25. f4 $16 {
[%cal Gf1f7,Ge1e6]}) 23. c4 $1 h5 24. Qg5 (24. Qf5+ $2 Qxf5 25. Nxf5 dxc4 26.
Rb1 Nbd4 $1 27. Nd6 c3 $1 $17) 24... dxc4 25. f4 $1 e4 26. f5 $36 {[%csl Rh7,
Rh8]}) 22. Bd2 Nb5 23. f4 $5 e4 24. c4 $5 {Absolutely justified decision:black
just has to finish development and then his strong center and numerous
weaknesses of white will give him much better prospects.} Nxa3 $1 $17 (24...
dxc4 $6 25. a4 Nbd4 26. Rxe4 Kh7 27. f5 Rd8 28. Bc3 $36) 25. cxd5 Qxd5 26. Re3
h5 27. Qe2 Nc4 28. Rd1 Nd4 $6 ({Why not} 28... Nxe3 $5 29. Bxe3 Qf7 30. Qc2 Qe8
{with wining position.}) 29. Qf1 Kh7 30. Rc3 Nxd2 31. Rxd2 Rd8 32. f5 g5 $1 {
Opening the f-file for the major pieces.} 33. fxg6+ Kg7 34. Qe1 Rdf8 35. Rc1
Kg8 $5 (35... Rf1+ $6 36. Qxf1 Rxf1+ 37. Rxf1 Qg5 $6 38. Rxd4 Qe3+ $4 39. Kh1
Qxd4 40. Nf5+ $18) 36. g7 R8f7 37. h3 Qe5 38. Qe3 Nc6 39. Re2 Kxg7 40. Qxe4 Qg5
$1 {[%csl Rh4]} 41. Qc4 Qg3 $1 $19 42. Qa4 ({Nothing would change} 42. Re4 Rf4
43. Rxf4 Rxf4 44. Rf1 Qe3+ 45. Kh1 Qxh3+ $1 46. gxh3 Rxc4 $19) 42... Rf4 43.
Qa1+ R7f6 44. Rd1 Qxh4 45. Rd7+ Kh6 46. Kh2 Rf2 47. Qc1+ Qf4+ 48. Qxf4+ R6xf4
49. Re8 Rf7 50. Re6+ Kg7 0-1